000 00416nam a2200181Ia 4500
001 749
005 20260306140540.0
008 260306t2005||||xx |||||||||||||| ||spa||
041 _aESP
082 _a160
_bC77 2005
100 _aCopi, Irving M.
_eAUT
245 0 _aIntroducción a la lógica
260 _c2005
300 _a614 páginas :
_c23 cm.
650 _aGEN
654 _aCHU
942 _cLIB
_dJUS
_fJUS
_2ddc
_n
999 _c749
_d749